Co je českého na umění v Čechách? : Vybrané texty z let 2004-2021 /

Enregistré dans:
Détails bibliographiques
Auteur principal: Vybíral, Jindřich (Auteur)
Format: Livre
Langue:tchèque
Publié: Praha: Vysoká škola uměleckoprůmyslová v Praze, 2022
Édition:1. vydanie
Sujets:
Tags: Ajouter un tag
Pas de tags, Soyez le premier à ajouter un tag!

MARC

LEADER 00000nam a22000003a 4500
001 0098796
003 SK-STU
005 20221202114551.7
007 ta
008 221202s ----xo-----e------000-0-----d
020 |a 978-80-88308-61-4  
040 |a STU  |b slo 
041 0 |a cze 
044 |a xr 
100 1 |a Vybíral, Jindřich  |4 aut 
245 1 0 |a Co je českého na umění v Čechách? :  |b Vybrané texty z let 2004-2021 /  |c aut. Jindřich Vybíral 
250 |a 1. vydanie 
260 |a Praha:  |b Vysoká škola uměleckoprůmyslová v Praze,  |c 2022 
300 |a 477 s. 
650 0 7 |a dejiny a teória umenia 
650 0 7 |a Česko 
996 |b 284AU09448  |c A* 12791/U  |l AAKNST  |s P  |a 0  |w 0098796_0001